Sliepka v katedrále
| Main Author: | |
|---|---|
| Format: | Book |
| Language: | English |
| PhysicalDescription: | 100 s. |
| Published: |
Bratislava
Slovenský spisovateľ
1969
|
| Edition: | 1. vyd. |
MARC
| LEADER | 00000nam a2200000 a 4500 | ||
|---|---|---|---|
| 001 | vtls001487865 | ||
| 003 | SK-MaSNL | ||
| 005 | 20260301015329.0 | ||
| 008 | 240314 xo 000 0 eng | ||
| 040 | |a SNK |b slo |c SNK |e AACR2 | ||
| 044 | |a xo |c SK | ||
| 100 | 1 | |a Repka, Peter, |d 1944- |4 aut |9 92265 | |
| 245 | 1 | 0 | |a Sliepka v katedrále |
| 250 | |a 1. vyd. | ||
| 260 | |a Bratislava |b Slovenský spisovateľ |c 1969 | ||
| 300 | |a 100 s. | ||
| 999 | |c 560556 |d 562486 | ||
| 952 | |a SNKLM |b SNKLM |y NEVYP |7 0 |o snklmMK 4725 |8 3 |0 0 |1 0 |4 0 |d 2006-08-30 |l 0 |r 2026-02-23 13:40:20 |w 2026-02-23 | ||


